Sports Quiz

Random Sports Quiz
Score 0/50 Timer 08:00
0 Plays Today
State Stadium % Correct
MichiganMichigan Stadium
66.3%
OhioOhio Stadium
63%
IllinoisSoldier Field
58.7%
MassachusettsGillette Stadium
51.1%
LouisianaTiger Stadium
48.9%
MinnesotaHubert H Humphrey Metrodome
48.9%
WisconsinLambeau Field
48.9%
ArizonaSun Devil Stadium
47.8%
CaliforniaLA Memorial Coliseum
46.7%
New JerseyMetlife Stadium
46.7%
TennesseeNeyland Stadium
46.7%
PennsylvaniaBeaver Stadium
45.7%
ColoradoSports Authority Field at Mile High
42.4%
WashingtonHusky Stadium
42.4%
MissouriArrowhead Stadium
41.3%
IndianaNotre Dame Stadium
40.2%
OregonAutzen Stadium
38%
HawaiiAloha Stadium
37%
TexasDarrell K Royal-Texas Memorial Stadium
37%
AlabamaBryant-Denny Stadium
35.9%
IowaKinnick Stadium
35.9%
NebraskaMemorial Stadium
35.9%
MarylandFedEx Field
34.8%
New YorkRalph Wilson Stadium
34.8%
GeorgiaSanford Stadium
32.6%
State Stadium % Correct
North CarolinaBank of America Stadium
31.5%
West VirginiaMountaineer Field
31.5%
FloridaBen Hill Griffin Stadium
30.4%
ArkansasDonald W Reynolds Razorback Stadium
27.2%
IdahoBronco Stadium
23.9%
KentuckyCommonwealth Stadium
23.9%
OklahomaGaylord Family-Oklahoma Memorial Stadium
23.9%
North DakotaFargodome
21.7%
UtahLaVell Edwards Stadium
20.7%
MontanaWashington-Grizzly Stadium
19.6%
VirginiaLane Stadium
19.6%
South CarolinaMemorial Stadium
18.5%
DelawareDelaware Stadium
14.1%
KansasUniversity of Kansas Memorial Stadium
14.1%
MississippiVaught-Hemingway Stadium
14.1%
NevadaSam Boyd Stadium
13%
ConnecticutYale Bowl
12%
Rhode IslandBrown Stadium
12%
WyomingWar Memorial Stadium
9.8%
AlaskaSullivan Arena
4.3%
New HampshireMemorial Stadium
3.3%
New MexicoUniversity Stadium
3.3%
MaineHarold Alfond Sports Stadium
2.2%
VermontCentennial Field
1.1%
South DakotaCoughlin-Alumni Stadium
1.1%

You're not logged in!

Compare scores with friends on all Sporcle quizzes.
OR
Log In

Sporcle TV

Today on Sporcle TV


Watch our educational content, quiz creation guides, and fun videos on Sporcle TV.

Show Comments

Extras

Created Oct 16, 2013SourceReportNominate
Tags:Stadiums

Top Quizzes Today


Score Distribution

Paid Content

Your Account Isn't Verified!

In order to create a playlist on Sporcle, you need to verify the email address you used during registration. Go to your Sporcle Settings to finish the process.

Report this User

Report this user for behavior that violates our Community Guidelines.

Details: